Entry Nombre personal
001 - NÚMERO DE CONTROL
- campo de control: 20704
003 - IDENTIFICADOR DE NÚMERO DE CONTROL
- campo de control: SpMaBN
005 - FECHA Y HORA DE LA ÚLTIMA TRANSACCIÓN
- campo de control: 20250807005412.0
008 - ELEMENTOS DE DATO DE LONGITUD-FIJA
- campo de control de longitud fija: 901120n| aijnnaabn a aaa
016 ## - NÚMERO DE CONTROL DE UNA AGENCIA BIBLIOGRÁFICA NACIONAL
- Número de control del registro: BNE19900027638
024 7# - IDENTIFICADOR DE OTROS ESTÁNDARES
- Número estándar o código: http://viaf.org/viaf/4938813/
- Fuente: viaf
024 7# - IDENTIFICADOR DE OTROS ESTÁNDARES
- Número estándar o código: https://isni.org/isni/0000000107966260
- Fuente: isni
024 7# - IDENTIFICADOR DE OTROS ESTÁNDARES
- Número estándar o código: http://www.wikidata.org/entity/Q55996048
- Fuente: wikidata
040 ## - FUENTE DE CATALOGACIÓN
- Centro catalogador/agencia de origen: SpMaBN
- Lengua de catalogación: spa
- Centro/agencia transcriptor: SpMaBN
- Normas de descripción: rdc
- Convención/Normas de encabezamiento de materia/tesauro: embne
100 1# - ENCABEZAMIENTO-NOMBRE DE PERSONA
- Nombre de persona: Álvarez Barrientos, Joaquín
372 ## - CAMPO DE ACTIVIDAD
- Campo de actividad: Literatura Española
- Fuente de información: (Dialnet)
374 ## - OCUPACIÓN
- Ocupación: Filólogos
- Ocupación: Profesores universitarios
375 ## - GÉNERO/SEXO
- Género: Masculino
377 ## - IDIOMA ASOCIADO
- Código del idioma: spa
- Término de lengua/lenguaje: Español
400 1# - TRAZADO DE VÉASE--NOMBRE DE PERSONA
- Nombre de persona: Álvarez Barrientos, J.
670 ## - FUENTE DE DATOS ENCONTRADOS
- Cita de la fuente: Guía histórica de las bibliotecas de Madrid, 2001
- Información encontrada: port. (Joaquín Alvarez Barrientos) cub. (investiga temas de la cultura madrileña de los siglos XVIII y XIX; CSIC)
670 ## - FUENTE DE DATOS ENCONTRADOS
- Cita de la fuente: La novela del siglo XVIII, 1991
- Información encontrada: port. (J. Álvarez Barrientos)
856 4# - LOCALIZACIÓN Y ACCESO ELECTRÓNICOS
- Identificador Uniforme de Recursos: http://dialnet.unirioja.es/servlet/autorExterno/BNE/865256
